| 000 | 01011nam1a22002171i 4500 | ||
|---|---|---|---|
| 001 | rc\4612197 | ||
| 005 | 20260407083343.0 | ||
| 035 | _a(NLR Aleph) 008394671 | ||
| 090 |
_a9198805 _c9198805 |
||
| 100 | _a20130416d1962 |||y0rusy50 ca | ||
| 101 | 0 | _arus | |
| 102 | _aRU | ||
| 105 | _ay z ||||| | ||
| 200 | 1 |
_aТезисы докладов _fМ-во высш. и сред. спец. образ. РСФСР. Моск. ордена Ленина энергет. ин-т. Науч.-техн. конференция по итогам науч.-исслед. работ за 1961 год |
|
| 210 |
_aМосква _cБ. и. _d1962 |
||
| 215 | _d20 | ||
| 710 | 0 | 2 |
_aМосковский энергетический институт _bНаучно-техническая конференция по итогам научно-исследовательских работ за 1961 г. _f1962 _3RU\NLR\AUTH\8810044230 _9587904 |
| 801 | 0 |
_aRU _bNLR _gpsbo |
|
| 801 | 1 |
_aRU _bELAR _2rusmarc |
|
| 852 |
_aNLR _j62-4/5784 |
||
| 942 | _cBOOK | ||